В поисках источников роста: учебные кейсы на материалах российских компаний

Podrobná bibliografie
Korporace: Высшая школа экономики Высшая школа бизнеса, Система
Další autoři: Ребязин В. Э. (редактор)
Shrnutí:Настоящий сборник учебных кейсов является совместным проектом АФК "Система" и Высшей школы бизнеса НИУ ВШЭ. В семи учебных кейсах рассматриваются реальные бизнес ситуации, С которыми столкнулись менеджеры компаний из группы АФК "Система»" МТС, Ozon, "Сегежа Групп", ГК "МЕДСИ", агрохолдинг "СТЕПЬ", "Биннофарм Групп" и ГК "Детский мир". Кейсы уникальны для отечественного бизнес-образования тем,ЧТО ОНИ Я вляютсяя поолноформатными, созданы на оригинальных материалах и позволяют обучаться на опыте иедущих российских компаний. Сборник будет полезен студентам управленческих и экономических направлений бакавриата и магистратуры, слушателям МВА/ЕМВА и корпоративных программ развития руководителей, а также преподавателям таких программ в вузах, бизнес-школах п корпоративных университетах.
Jazyk:ruština
Vydáno: Москва, Альпина ПРО, 2022
Témata:
Médium: MixedMaterials Kniha
KOHA link:https://koha.lib.tpu.ru/cgi-bin/koha/opac-detail.pl?biblionumber=378431

MARC

LEADER 00000nam0a2200000 4500
001 378431
005 20250214105413.0
010 |a 9785206000757 
035 |a (RuTPU)RU\TPU\retro\35887 
090 |a 378431 
100 |a 20230531d2022 m y0rusy50 ca 
101 0 |a rus 
102 |a RU 
105 |a a j 001zy 
200 1 |a В поисках источников роста: учебные кейсы на материалах российских компаний  |f Высшая школа экономики. Высшая школа бизнеса; Система; под ред. В. Э. Ребязина 
210 |a Москва  |c Альпина ПРО  |d 2022 
215 |a 222 с.  |c ил. 
320 |a Список источников: с. 222 
330 |a Настоящий сборник учебных кейсов является совместным проектом АФК "Система" и Высшей школы бизнеса НИУ ВШЭ. В семи учебных кейсах рассматриваются реальные бизнес ситуации, С которыми столкнулись менеджеры компаний из группы АФК "Система»" МТС, Ozon, "Сегежа Групп", ГК "МЕДСИ", агрохолдинг "СТЕПЬ", "Биннофарм Групп" и ГК "Детский мир". Кейсы уникальны для отечественного бизнес-образования тем,ЧТО ОНИ Я вляютсяя поолноформатными, созданы на оригинальных материалах и позволяют обучаться на опыте иедущих российских компаний. Сборник будет полезен студентам управленческих и экономических направлений бакавриата и магистратуры, слушателям МВА/ЕМВА и корпоративных программ развития руководителей, а также преподавателям таких программ в вузах, бизнес-школах п корпоративных университетах. 
606 1 |a Стратегический менеджмент  |2 stltpush  |3 (RuTPU)RU\TPU\subj\66055  |9 82290 
606 1 |a Предприятия  |x Экономика  |x Управление  |2 stltpush  |3 (RuTPU)RU\TPU\subj\36690  |9 57983 
610 1 |a экономика 
610 1 |a управление 
610 1 |a менеджмент 
610 1 |a учебные кейсы 
610 1 |a бизнес 
610 1 |a управленческие решения 
610 1 |a стратегии 
610 1 |a принятие решений 
610 1 |a продуктовый портфель 
610 1 |a сотовая связь 
610 1 |a электронная коммерция 
610 1 |a Россия 
610 1 |a стратегические проекты 
610 1 |a лидерство 
610 1 |a экспортные стратегии 
610 1 |a телемедицина 
686 |a У9(2)212  |2 rubbk 
686 |a У9(2)29-2  |2 rubbk 
702 1 |a Ребязин  |b В. Э.  |4 340 
712 0 2 |a Высшая школа экономики  |c Национальный исследовательский университет  |c Москва  |c 2010-  |b Высшая школа бизнеса  |9 26864 
712 0 2 |a Система  |c Акционерная финансовая корпорация  |c Москва  |7 ca  |8 rus  |3 (RuTPU)RU\TPU\col\28258  |9 29058 
801 1 |a RU  |b 63413507  |c 20230531 
801 2 |a RU  |b 63413507  |c 20230630  |g RCR 
942 |c BK